| 000 | 00564nam a2200193Ia 4500 | ||
|---|---|---|---|
| 008 | 120822t2004 xxu||||| |||| 00| 0 sin d | ||
| 041 | _asin | ||
| 080 |
_a8-31 (Indian) _bNAR |
||
| 100 | _aNarayan, R. K. | ||
| 245 | _aඅවරගිරග ඇඳි සිතුවම | ||
| 246 | _aAwaragiraga Adi Sithuwama | ||
| 260 |
_aS. Godage _aColombo _c2004 |
||
| 300 | _b264p, 21 cm | ||
| 500 | _aSinhalese Translation of R. K. Narayan's eng Teacher | ||
| 700 |
_aMahendra, Seetha _etr. |
||
| 942 | _cBK | ||
| 999 |
_c40925 _d40925 |
||
| 003 | LK-CoDNM | ||
| 040 |
_aLK-CoDNM _dLK-CoDNM _eLK-CoDNM |
||